| 000 | | | 04541nmc2a22002773x 450 |
| 001 | | | b3bb37c1-f736-47f9-a7d1-5e1d388f2c5d |
| 005 | | | 20230325164721.0 |
| 100 | ## | $a | 20220812l18831883k l0rusy0189 ca |
| 101 | 0# | $a | rus |
| 102 | ## | $a | RU |
| 105 | ## | $a | y### |
| 122 | 2# | $a | d |
| 200 | 1# | $a | Контракты и условия с авторами пьес на выдачу им поспектакльной платы и единовременного вознаграждения |
| | $j | 7 января - 21 декабря 1883 г. |
| 215 | ## | $a | 58 л. |
| | $d | 36,5х26 см |
| 251 | ## | $c | Дело |
| 300 | ## | $a | Распорядительное отделение. Контракты с авторами |
| 300 | ## | $a | На бланке обложки указано: "Дело Санкт-Петербургской конторы императорских театров" |
| 300 | ## | $a | Ориг. заголовок дела: Дело о принятии в Дирекцию от авторов пьес на поспектакльную плату и за единовременное вознаграждение. 7 января 1883 г. - 21 декабря 1883 г |
| 371 | ## | $a | Документ не является опубликованным и широко распространяемым |
| 461 | #0 | $1 | 0019264ebf8-de62-4f1a-9eb4-9f22098dbbd5 |
| | $1 | 2001 |
| | $a | Дирекция императорских театров Министерства императорского двора |
| | $1 | 251 |
| | $c | Фонд |
| | $1 | 852 |
| | $j | 497 |
| 462 | #0 | $1 | 001106b0822-e2dd-4dea-9808-30312f6803e1 |
| | $1 | 2001 |
| | $a | Дела распорядительного отделения, постановочной и монтировочной части, хозяйственной части, счетного отделения, Театрально-литературного комитета и Московского отделения комитета; Оперного комитета, Хозяйственного комитета, комиссии по пересмотру штатов артистической службы, редакции "Ежегодника" императорских театров |
| | $1 | 251 |
| | $c | Опись |
| | $1 | 852 |
| | $j | 14 |
| 517 | 1# | $a | Дело о принятии в Дирекцию от авторов пьес на поспектакльную плату и за единовременное вознаграждение. 7 января 1883 г. - 21 декабря 1883 г |
| 801 | #0 | $a | RU |
| | $b | РГИА |
| | $c | 20220812 |
| | $g | RCR |
| 801 | #1 | $a | RU |
| | $b | ГлавНИВЦ |
| | $c | 20220812 |
| | $2 | rusmarc |
| 801 | #2 | $a | RU |
| | $b | ПБ им. Б.Н. Ельцина |
| | $c | 20230325 |
| | $g | RCR |
| | $2 | rusmarc |
| 850 | ## | $a | РГИА |
| 852 | ## | $a | РГИА |
| | $e | Федеральное казенное учреждение "Российский государственный исторический архив" (РГИА) |
| | $j | 7 |
| 937 | ## | $h | РГИА |
| | $d | 12390906 |
| | $a | ASBIBLIO_SCAN |
| 035 | ## | $a | RusGRCC00053011 |
| 856 | ## | $u | http://readingroom.main.prlib.ru/item.aspx?id_node=n184381862&mode=full |